| 000 | 00575cam a22002292a 4500 | ||
|---|---|---|---|
| 001 | 011124 | ||
| 003 | AR-FADEU | ||
| 008 | 311216n1980####xxu####################dd | ||
| 020 | _a0-582-52337-0 | ||
| 092 |
_a808.831 _bB715e |
||
| 100 | _aBonington, Chris | ||
| 245 | _aEverest : the hard way | ||
| 260 | _aHarlow | ||
| 260 | _bLongman | ||
| 260 | _c1980 | ||
| 300 | _a46 p. : ilus | ||
| 440 |
_aStructural readers adventure stage _n3 |
||
| 700 | _aNeville, Grant | ||
| 650 | _a/LITERATURA/CUENTO; SHORT STORIES/REVISADO/ | ||
| 546 | _aInglés | ||
| 942 | _cBDGR | ||
| 999 |
_c16904 _d16904 |
||